000 01264nam a2200313 c 4500
003 BLK
005 20180422114613.0
008 180411b bul|||||r ||||||| ||bul||
010 _aKNG00182006000
020 _a954-445-089-0
_bиздат.: Христо Ботев
040 _aBLK
041 _aBUL
_cBUL
080 _aРуска литература
_b821.161.1
_x-17
_z821.161.1-17
100 1 _aКрилов, Иван Андреевич
_eпърви автор
_9373171
700 1 _aРадевски, Христо
_eпрев. от рус.
_9368393
139 _aКрилов, Иван Андреевич
_bК 90
245 1 0 _aБасни
_cИван Андреевич Крилов; прев. от рус. Христо Радевски.
250 _a2. изд.
257 _aBGR
260 София
_bХристо Ботев
_c1993
300 _a156 с.
_c17 см
380 _aX
500 _aПрев. е направен от Сочинения в 2 т., Т. 2 / И. А. Крылов. - 1 изд. 1986 на изд. Нар. култура. - Офс. изд. - 5 000 тир.
852 _aЦб І 26510
856 4 _qpdf
_u
856 4 _qpdf
_u
942 _cKNG
_n0
944 _aCR
_c16.09.2015
_kИрена_Русанова
944 _aED
_c16.09.2015
_kИрена_Русанова
999 _c173592
_d173592